Geografia per Lettere - O - Statistics

Statistiche generali
  • Questo quiz è stato fatto 141 volte
  • Il punteggio medio è 7 su 20
Statistiche sulle risposte
Categoria Risposta % Corretto
Stato USA Ohio - Oklahoma - Oregon
95%
Stato Oman
93%
Capitale Europea Oslo
86%
Continente Oceania
85%
Capitale Nord Americana Ottawa
72%
Città Ucraina (1mil+) Odessa
50%
Provincia Canadese Ontario
41%
Capitale Africana Ouagadougou
30%
Isola Giapponese (tra le 5 Principali) Okinawa
24%
Città (tra le Prime 100 più Popolose al Mondo) Osaka
24%
Contea Inglese Oxfordshire
21%
Capitale di uno Stato USA Oklahoma City - Olympia
20%
Fiume (2000km+) Ob' - Ohio - Olenëk - Orange - Orinoco
18%
Isola delle Hawaii Oahu
13%
Stato Messicano Oaxaca
13%
Città Russa (500k+) Omsk - Orenburg
13%
Stretto Europeo Øresund - Otranto
13%
Aeroporto tra i Primi 50 al Mondo O'Hare - Orlando
8%
Mare dell'Oceano Pacifico Ochotsk
2%
Parco Nazionale USA Olimpico
0%
Nessun quiz corrispondente trovato
Distribuzione punteggi
Percentuale di utenti per punteggio
Percentile per numero di risposta
I tuoi punteggi nel tempo
Non hai fatto questo quiz